| 000 | 00417nam a2200145Ia 4500 | ||
|---|---|---|---|
| 008 | 210210b1973 xxu||||| |||| 00| 0 eng d | ||
| 082 | _a541.224 ORCI | ||
| 100 | _aORCHIN (Milton) & JAFFE (H H). | ||
| 245 | _aImportance of antibonding orbitals. | ||
| 260 |
_aN D _bOxford & IBH Publishing Co., _c1973 |
||
| 300 | _aviii,104 | ||
| 650 | _aAntibonding Orbitals | ||
| 690 | _aTheoretical Chemistry | ||
| 906 | _aCC00069 | ||
| 999 |
_c109392 _d109392 |
||